000 00434nam a2200157 i 4500
001 114363
003 ES-MaACL
005 20230906190135.0
007 t|
008 070222s1919 fr ||||1| fre d
100 1 _aCurel, François de.
_942204
245 1 4 _aLes fossiles
_b: piéce en quatre actes /
_cFrançois de Curel.
260 _aParis :
_bCalmann-Lévy,
_c[1919]
300 _a92 p. ;
_c19 cm.
852 _aES-MaACL
_jF-8771
999 _c114363
_d114363